| 000 | 00794nam a2200277Ia 4500 | ||
|---|---|---|---|
| 003 | OSt | ||
| 005 | 20220925232824.0 | ||
| 006 | a|||||r|||| 00| 0 | ||
| 007 | ta | ||
| 008 | 220923b |||||||| |||| 00| 0 eng d | ||
| 020 | _a3540657797 | ||
| 037 | _cGeneral Book | ||
| 040 |
_aRTL _cRTL _beng |
||
| 041 |
_2eng _aeng |
||
| 082 | _aX:5171:(B), N0;N9 | ||
| 100 |
_aSzidaro-vszky Ferenc _9297811 |
||
| 245 | 0 | _aTheory of oligopoly with multi-product firms | |
| 250 | _aEd 2 | ||
| 260 |
_aNew York _bSpringer _c1999 |
||
| 300 |
_aviii, 268p Bibliography: P 255-63 _ccm. |
||
| 650 | _a Economics | ||
| 650 | _aOligopoly | ||
| 700 | _a Okuguchi Koji | ||
| 942 |
_hX:5171:(B), N0;N9 _cGB _2CC |
||
| 999 |
_c592240 _d592240 |
||